000 00400nam a2200145Ia 4500
008 231129s1999||||xx |||||||||||||| ||spa||
020 _a958-04-5207-5
040 _bspa
082 _aCo863.6 V335a
100 _aVásquez Juan Gabriel
245 0 _aAlina suplicante
260 _c1999
264 _aSantafé de Bogotá: Grupo Editorial Norma
942 _2ddc
_cBKS
999 _c4791
_d4791